| 000 | 00508nam a22001937a 4500 | ||
|---|---|---|---|
| 003 | OSt | ||
| 005 | 20140310182251.0 | ||
| 008 | 121114t xxu||||| |||| 00| 0 eng d | ||
| 020 | _a0373026382 | ||
| 050 |
_aPZ 7 _b.Sc425 1984 |
||
| 082 |
_aFIC _bSco8s 1984 |
||
| 100 |
_aScott, Celia _919926 |
||
| 245 |
_aStarfire / _cCelia Scott. |
||
| 260 |
_aWillodale, Ont. _bHarlequin Books, _c1984. |
||
| 300 |
_a188 p. : _c18 cm. |
||
| 650 |
_aMovie star _xFiction. _919927 |
||
| 942 |
_2lcc _cBK-FIC |
||
| 999 |
_c11359 _d11359 |
||